<?xml version="1.0" encoding="UTF-8"?>
<collection xmlns="http://www.loc.gov/MARC21/slim">
 <record>
  <leader>01673nam a2200217Ia 4500</leader>
  <controlfield tag="001">CTU_154829</controlfield>
  <controlfield tag="008">210402s9999    xx            000 0 und d</controlfield>
  <datafield tag="020" ind1=" " ind2=" ">
   <subfield code="c">46000</subfield>
  </datafield>
  <datafield tag="082" ind1=" " ind2=" ">
   <subfield code="a">895.922134</subfield>
  </datafield>
  <datafield tag="082" ind1=" " ind2=" ">
   <subfield code="b">H513</subfield>
  </datafield>
  <datafield tag="100" ind1=" " ind2=" ">
   <subfield code="a">Nguyễn, Đức Hùng</subfield>
  </datafield>
  <datafield tag="245" ind1=" " ind2="0">
   <subfield code="a">Hồ Chí Minh lẩy kiều</subfield>
  </datafield>
  <datafield tag="245" ind1=" " ind2="0">
   <subfield code="c">Nguyễn Đức Hùng</subfield>
  </datafield>
  <datafield tag="260" ind1=" " ind2=" ">
   <subfield code="a">Hà Nội</subfield>
  </datafield>
  <datafield tag="260" ind1=" " ind2=" ">
   <subfield code="b">Thanh niên</subfield>
  </datafield>
  <datafield tag="260" ind1=" " ind2=" ">
   <subfield code="c">2010</subfield>
  </datafield>
  <datafield tag="520" ind1=" " ind2=" ">
   <subfield code="a">Hồ Chí Minh &quot;lẩy kiều&quot; khi viết văn, khi làm thơ, khi nói chuyện và cả khi đón tiếp khách quốc tế. Cách &quot;lẩy Kiều&quot; của Hồ Chí Minh độc đáo, sáng tạo. Khi thì Người lấy nguyên cả câu lục bát, khi thì ghép một câu lục với một câu bát không gần nhau trong Truyện Kiều, khi thì lấy một cụm từ hoặc thay đổi một, hai từ trong một câu Kiều, có khi chỉ lấy vần điệu, ý thơ, tứ thơ... của câu Kiều, để diển tả tư tưởng tình cảm của mình. Cuốn sách giới thiệu những trường hợp &quot;lẩy Kiều&quot; của Hồ Chí Minh được lựa chọn, sắp xếp từ các bài nói, bài viết, từ văn, thơ của Hồ Chí Minh, theo thứ tự thời gian từ năm 1920 đến năm 1969.</subfield>
  </datafield>
  <datafield tag="650" ind1=" " ind2=" ">
   <subfield code="a">Vietnamese literature,Vietnamese poetry,Văn học Việt Nam,Thơ Việt Nam</subfield>
  </datafield>
  <datafield tag="650" ind1=" " ind2=" ">
   <subfield code="y">20th century,20th century,Thế kỷ 20,Thế kỷ 20</subfield>
  </datafield>
  <datafield tag="904" ind1=" " ind2=" ">
   <subfield code="i">Năm</subfield>
  </datafield>
  <datafield tag="980" ind1=" " ind2=" ">
   <subfield code="a">Trung tâm Học liệu Trường Đại học Cần Thơ</subfield>
  </datafield>
 </record>
</collection>
